Statistics for Угадай команду игрока ЧГК

Click here to take the quiz!

General Stats

  • This quiz has been taken 12 times
  • The average score is 8 of 11

Answer Stats

HintAnswer% Correct
Денис ГалиакберовКоманда Балаша Касумова
91%
Вера РабкинаКоманда Алеся Мухина
91%
Айк КазазянКоманда Елены Потаниной
91%
Антон ИоковКоманда Бориса Белозёрова
91%
Максим ПоташевКоманда Алёны Повышевой
82%
Екатерина МереминскаяКоманда Виктора Сиднева
82%
Михаил НовосёловКоманда Елизаветы Овдеенко
73%
Леонид КарлинскийКоманда Кирилла Емелина
55%
Олег КотлярКоманда Алексея Блинова
55%
Денис ПотехинКоманда Дмитрия Локтикова
45%
Евгений ЕмельяновКоманда Михаила Смирнова
36%

Score Distribution

Percentile by Number Answered

Percent of People with Each Score

Your Score History

You have not taken this quiz